Biggest World Cities (A-Z by Last Letter) Beginning with T - Statistics

General Stats
  • This quiz has been taken 99 times
  • The average score is 8 of 26
Answer Stats
Country Starts Place Ends Population % Correct
Taiwan T Taipei I 7.9m
98%
Israel T Tel Aviv V 433k
98%
Japan T Tokyo O 8.3m
95%
Uzbekistan T Tashkent T 1.9m
94%
Tunisia T Tunis S 693k
94%
Mexico T Tijuana A 1.3m
80%
China T Tianjin N 11.0m
70%
Iran T Tabriz Z 1.4m
48%
Morocco T Tangier R 688k
44%
Russia T Tomsk K 486k
19%
UK (Eng) T Telford D 148k
14%
Saudi Arabia T Ta'if F 531k
7%
China T Taizhou U 612k
6%
India T Trivandrum M 784k
6%
Indonesia T Tangerang G 1.3m
5%
Poland T Tarnow W 118k
5%
India T Thane E 1.3m
4%
Mexico T Tepic C 333k
2%
Indonesia T Tegal L 237k
1%
Bosnia i Herzogovina T Tesanj J 43k
1%
Libya T Tubruq Q 62k
1%
Denmark T Taastrup P 34k
0%
Taiwan T Taoyuan City Y 402k
0%
Indonesia T Tarub B 76k
0%
Switzerland T Thonex X 14k
0%
India T Titagarh H 128k
0%
No matching quizzes found
Score Distribution
Percent of People with Each Score
Percentile by Number Answered
Your Score History
You have not taken this quiz